000 00665nam a2200193Ii 4500
003 JO-AjNU
008 230605s9999||||xx |||||||||||||| ||und||
040 _aJO-AjNU
_bara
_erda
_cJO-AjNU
041 _aara
050 1 4 _aHM63.A7.B3888 1981
100 3 _aبيومي، محمد احمد,
_eauthor
_919892
245 0 0 _aعلم اجتماع القيم
264 3 1 _aالاسكندرية: دار المعرفة الجامعية، 1981
300 _a218ص
_bيحتوي على ببلوغرافية من 1-15ص
336 _atext
_btxt
_2rdacontent
337 _aunmediated
_bn
_2rdamedia
338 _avolume
_bnc
_2rdacarrier
650 4 _aعلم الاجتماع
_919893
999 _aA6645
_c10213
_d10213